000
00318nam a22001337a 4500
008
180129b xxu||||| |||| 00| 0 eng d
020
_a
9781599471044
041
_a
eng
080
_a
101
100
_a
24
101
_a
FIL
245
_a
G.K Chesterton thinking backward, looking forward
_c
Clark,S.R
942
_2
udc
_c
BK
999
_c
41164
_d
41164